00818nam a22002537a 45000010005000000030006000050050017000110080041000280200018000690400029000870500015001160820010001311000019001412450057001602600038002173000049002554900015003045050008003195200139003275210020004665210020004866500032005067000026005384957FISKH20250814145749.0241028b cb ||||| |||| 00| 0 eng d a9780545420952 aFISKHbengcFISKHdFISKH aQP361.P365 a612.8 aSimon, Seymour aThe Brain : bOur Nervous System /cby Seymour Simon aNew York : bScholastic ;c1997.  a32 pages : bcolor illustrations ;c24 cm .  aHuman Body aZ  aDescribes the various parts of the brain and the nervous system and how they function to enable us to think, feel, move, and remember.8 a900 bLexile 8 aZ bRaz-Plus  anervous systemvnon-fiction aNeumann, Anneartist